Deutsche Fußballspieler mit mehr als 20 Toren - Statistiken

Allgemein
  • Dieses Quiz wurde 361 mal gespielt
  • Das Durchschnittsergebnis liegt bei 14 aus 27
Antwortstatistiken
Aktiv Tore Letzter Verein Spieler % Korrekt
1966-1974 68 Fort Lauderdale Strikers Gerd Müller
98%
seit 2010 FC Bayern München Thomas Müller
98%
2001-2014 71 Lazio Rom Miroslav Klose
96%
2004-2017 49 Górnik Zabrze Lukas Podolski
89%
2007-2018 VfB Stuttgart Mario Gómez
81%
2004-2016 24 Chicago Fire Bastian Schweinsteiger
76%
seit 2017 RB Leipzig / Tottenham Hotspur (Leihe) Timo Werner
71%
1999-2010 42 Bayer 04 Leverkusen Michael Ballack
70%
seit 2016 FC Bayern München Serge Gnabry
69%
1980-2000 1. FC Herzogenaurach Lothar Matthäus
68%
1982-1994 47 Bayer 04 Leverkusen Rudi Völler
64%
2009-2018 Istanbul Başakşehir Mesut Özil
57%
1987-1998 Orange County Blue Star Jürgen Klinsmann
56%
1976-1986 45 Servette FC Karl-Heinz Rummenigge
54%
1954-1970 43 Cork Celtic Uwe Seeler
50%
1951-1960 Meidericher SV Helmut Rahn
48%
1996-2002 37 Chievo Verona Oliver Bierhoff
47%
1992-2000 Bayer 04 Leverkusen Ulf Kirsten
47%
1940-1958 33 TSG Saargemünd Fritz Walter
43%
2010-2017 22 Spartak Moskau (Leihe) André Schürrle
34%
1950-1958 21 1. FC Nürnberg Max Morlock
32%
1977-1982 32 VfL Bochum Klaus Fischer
25%
1988-1999 29 Eintracht Frankfurt Andreas Möller
22%
1934-1942 27 FC Young Fellows Zürich Edmund Conen
4%
1933-1942 31 Viktoria Aschaffenburg Ernst Lehner
2%
1927-1933 23 SG Dresden-Friedrichstadt Richard Hofmann
2%
1930-1937 20 FK Pirmasens Karl Hohmann
0%
Keine übereinstimmenden Quizze gefunden
Verteilung der Resultate
Anzahl Personen mit jedem Resultat
Perzentil nach korrekt beantworteten Fragen
Ihre Resultats-Entwicklung
Sie haben dieses Quiz noch nicht gespielt